Normal view
MARC view
- النقد الأدبي- التحليل الأدبي
Entry Topical Term
001 - CONTROL NUMBER
- control field: 49159
003 - CONTROL NUMBER IDENTIFIER
- control field: JO-AjAnu
005 - DATE AND TIME OF LATEST TRANSACTION
- control field: 20230606082113.0
008 - FIXED-LENGTH DATA ELEMENTS
- fixed length control field: 230606|| aca||aabn | a|a d
040 ## - CATALOGING SOURCE
- Original cataloging agency: JO-AjAnu
- Transcribing agency: JO-AjAnu
150 ## - HEADING--TOPICAL TERM
- Topical term or geographic name entry element: النقد الأدبي- التحليل الأدبي
670 ## - SOURCE DATA FOUND
- Source citation: Work cat.: (JO-AjAnu)25142: الضمور، عماد, author 49158, عمّان وهج المكان وبوح الذاكره: دراسة نقدية لصورة عمّان في الشعر الأردني المعاصر